Fire Aboard : The Problems of Prevention and Control in Ships, Port Installations and Offshore Structures (Record no. 6858)

000 -LEADER
fixed length control field 00348nam a2200109Ia 4500
008 - FIXED-LENGTH DATA ELEMENTS--GENERAL INFORMATION
fixed length control field 201216s9999 xx 000 0 und d
100 ## - MAIN ENTRY--PERSONAL NAME
Personal name Rushbrook, Frank
245 #0 - TITLE STATEMENT
Title Fire Aboard : The Problems of Prevention and Control in Ships, Port Installations and Offshore Structures
260 ## - PUBLICATION, DISTRIBUTION, ETC.
Place of publication, distribution, etc. Gloasgow
Name of publisher, distributor, etc. Brown, Son & Ferguson
300 ## - PHYSICAL DESCRIPTION
Extent 638
942 ## - ADDED ENTRY ELEMENTS (KOHA)
Koha item type Books
Holdings
Withdrawn status Lost status Damaged status Not for loan Permanent Location Date acquired Full call number Barcode Date last seen Price effective from Koha item type
        IMU Kolkata 2020-12-16 628.92 R953 PM01942 2020-12-16 2020-12-16 Books
Designed and Maintained by IMU-KC Library, Kolkata Campus © Copyright All Rights Reserved

webs counters

Powered by Koha